<?xml version="1.0" encoding="UTF-8"?>
<record
    xmlns:xsi="http://www.w3.org/2001/XMLSchema-instance"
    xsi:schemaLocation="http://www.loc.gov/MARC21/slim http://www.loc.gov/standards/marcxml/schema/MARC21slim.xsd"
    xmlns="http://www.loc.gov/MARC21/slim">

  <leader>00977nam a2200253Ia 4500</leader>
  <controlfield tag="003">OSt</controlfield>
  <controlfield tag="005">20220918105436.0</controlfield>
  <controlfield tag="006">a|||||r|||| 00| 0</controlfield>
  <controlfield tag="007">ta</controlfield>
  <controlfield tag="008">220915b        |||||||| |||| 00| 0 hin d</controlfield>
  <datafield tag="024" ind1=" " ind2=" ">
    <subfield code="a">94,193</subfield>
  </datafield>
  <datafield tag="037" ind1=" " ind2=" ">
    <subfield code="c">Reference Collections</subfield>
  </datafield>
  <datafield tag="040" ind1=" " ind2=" ">
    <subfield code="a">ARTS</subfield>
    <subfield code="c">ARTS</subfield>
    <subfield code="b">hin</subfield>
  </datafield>
  <datafield tag="041" ind1=" " ind2=" ">
    <subfield code="2">hin</subfield>
    <subfield code="a">hin</subfield>
  </datafield>
  <datafield tag="082" ind1=" " ind2=" ">
    <subfield code="a">R693, 152L2;L9.1-.3(RR)</subfield>
  </datafield>
  <datafield tag="100" ind1=" " ind2=" ">
    <subfield code="a">&#x938;&#x93F;&#x926;&#x94D;&#x927;&#x93E;&#x928;&#x94D;&#x924; - &#x936;&#x93E;&#x938;&#x94D;&#x924;&#x94D;&#x930;&#x940;, &#x92C;&#x93E;&#x932;&#x91A;&#x928;&#x94D;&#x926;&#x94D;&#x930;, &#x938;&#x902;&#x92A;&#x93E;.</subfield>
    <subfield code="9">1395</subfield>
  </datafield>
  <datafield tag="245" ind1=" " ind2="0">
    <subfield code="a">&#x91C;&#x948;&#x928; - &#x932;&#x915;&#x94D;&#x937;&#x923;&#x93E;&#x935;&#x932;&#x940;</subfield>
    <subfield code="b"> &#x91C;&#x948;&#x928; &#x92A;&#x93E;&#x930;&#x93F;&#x92D;&#x93E;&#x937;&#x93F;&#x915; &#x936;&#x92C;&#x94D;&#x926; - &#x915;&#x94B;&#x936;</subfield>
  </datafield>
  <datafield tag="246" ind1=" " ind2=" ">
    <subfield code="a">Jain - lak&#x1E63;ha&#x1E47;&#x101;val&#x12B;: jain p&#x101;ribh&#x101;&#x1E63;hik shabda - kosha</subfield>
  </datafield>
  <datafield tag="260" ind1=" " ind2=" ">
    <subfield code="c">1972</subfield>
  </datafield>
  <datafield tag="300" ind1=" " ind2=" ">
    <subfield code="a">730&#x92A;&#x943;0</subfield>
  </datafield>
  <datafield tag="490" ind1=" " ind2=" ">
    <subfield code="v">&#x92D;&#x93E;&#x917; 1</subfield>
  </datafield>
  <datafield tag="942" ind1=" " ind2=" ">
    <subfield code="h">R693, 152L2;L9.1-.3(RR)</subfield>
    <subfield code="c">REF</subfield>
  </datafield>
  <datafield tag="999" ind1=" " ind2=" ">
    <subfield code="c">107270</subfield>
    <subfield code="d">107270</subfield>
  </datafield>
  <datafield tag="952" ind1=" " ind2=" ">
    <subfield code="0">0</subfield>
    <subfield code="1">0</subfield>
    <subfield code="4">0</subfield>
    <subfield code="7">0</subfield>
    <subfield code="a">ARTS</subfield>
    <subfield code="b">ARTS</subfield>
    <subfield code="d">2022-09-18</subfield>
    <subfield code="h">&#x92D;&#x93E;&#x917; 1</subfield>
    <subfield code="l">0</subfield>
    <subfield code="o">R693 152L2;L9.1-.3(RR)</subfield>
    <subfield code="p">AL0704502</subfield>
    <subfield code="r">2022-09-18 00:00:00</subfield>
    <subfield code="w">2022-09-18</subfield>
    <subfield code="y">REF</subfield>
  </datafield>
</record>
